[Event "Elgoibar 08th"]
[Site "Elgoibar"]
[Date "1998.11.21"]
[Round "1"]
[White "Fernandes, Antonio ETG"]
[Black "Mellado Trivino, Juan"]
[Result "1-0"]
[WhiteElo "2480"]
[BlackElo "2460"]
[Annotator "Avrukh,B"]
[PlyCount "73"]
[EventDate "1998.11.11"]
[EventType "tourn"]
[EventRounds "9"]
[EventCountry "ESP"]
[EventCategory "10"]
[SourceTitle "CBM 069"]
[Source "ChessBase"]
[SourceDate "1999.04.01"]
[SourceVersion "1"]
[SourceVersionDate "1999.04.01"]
[SourceQuality "1"]

1. d4 d5 2. Bg5 f6 $5 {Interesting idea-black wants to use white's second move
and plays very agressive in the opening.} 3. Bh4 Nh6 ({Another opportunity is :
} 3... Nc6 4. e3 e5 (4... Nh6 5. c4 (5. Bd3 Nf5 6. Nf3 h5 $6 (6... Nb4 $142 $5
7. Bg3 Nxd3+ 8. Qxd3 e6 9. Nbd2 $14 {[%cal Ge3e4]}) 7. Bg3 Nb4 (7... g5 $5 8.
h3 $1) 8. e4 dxe4 9. Bxe4 g5 10. c3 Nd5 11. h3 $16 {[%csl Re8] 1-0 Adams,M-Van
Wely,L/Groningen 1997/CBM 63/[Avrukh,B] (41)}) 5... Nf5 (5... e6 6. f3 {
[%cal Gh4f2]} (6. Nc3 Nf5 7. Bg3 h5 {[%csl Rg3]}) 6... Ne7 (6... Nf5 $142 $5 7.
Bf2 Bb4+ 8. Nc3 O-O $132) 7. e4 c6 8. Nc3 Nf7 9. Bf2 g6 10. Bd3 Bg7 11. Nge2
$14 {Pedersen,J-Rewitz,P/Aarhus-ch 1995/1-0 (69)}) 6. cxd5 Qxd5 (6... Ncxd4 $2
7. exd4 Nxh4 8. Qh5+ Ng6 9. Bd3 $18) 7. Nc3 Qf7 8. Bg3 Nxg3 9. hxg3 e5 10. d5
Nb8 11. Rc1 a6 {[%cal Gf8d6]} 12. Bd3 g6 13. Qc2 f5 14. g4 $1 $32 Bd6 15. gxf5
Bxf5 (15... gxf5 16. g4 $1 $40) 16. Nf3 $14 {[%csl Ge4] Vehi Bach,V-Alberdi,J/
San Sebastian op 1995/1-0 (40)}) 5. Bb5 exd4 6. exd4 a6 (6... Nge7 7. Nf3 a6 8.
Ba4 b5 9. Bb3 Bg4 10. c3 Nf5 11. Bg3 Nxg3 12. hxg3 Qd7 13. Nbd2 Be7 14. Nf1 $1
O-O 15. Ne3 Be6 16. Qd3 g6 17. O-O-O $14 {[%csl Rg6,Rh7][%cal Gh1h6,Gh1h2] 1/
2-1/2 Benjamin,J-Chessmaster 4000 Turbo/Fifth Harvard Cup G/25 1994 (46)}) 7.
Bd3 {'?!' Avrukh,B.} (7. Ba4 $142) 7... Nxd4 8. Nc3 Ne7 9. Nge2 Ne6 (9... Ndf5
$1 10. Bg3 c6 $15 {[%cal Ge7g6]}) 10. O-O c6 11. Re1 Qb6 12. Bg3 Kf7 13. Na4
Qa5 14. c4 $1 $44 {[%csl Rf7] 1-0 Miladinovic,I-Shabalov,A/Moscow 1994/CBM 45 
(46)}) 4. e3 Nf5 5. Nf3 $6 {[%mdl 8]} (5. Bg3 h5 {[%csl Rg3][%cal Gh5h4]} 6.
Be2 $5 (6. Bd3 h4 7. Qg4 hxg3 8. Qg6+ Kd7 9. Bxf5+ e6 10. Bh3 gxf2+ 11. Kxf2
Qe8 $13) 6... h4 7. Bh5+ Kd7 8. Bf4 g5 9. e4 dxe4 10. Bc1 $44 {[%csl Rd7]} c6
11. Nc3 Kc7 12. d5 e6 13. dxc6 Qxd1+ 14. Bxd1 Bb4 {and black is OK.1-0
Mikhalevski,V-Milov,L/Dieren 1997/EXT 97 (33)}) (5. Bd3 h5 $1 6. Bxf5 Bxf5 7.
h3 e6 8. Bg3 h4 9. Bh2 c5 10. Bxb8 Rxb8 11. Nf3 Kf7 12. Nbd2 Bg6 13. O-O cxd4
14. exd4 Qc7 15. Rc1 b5 16. Re1 $15 {[%csl Rf8,Gg6] 1/2-1/2 Rogers,I-Bosch,J/
Wijk aan Zee 1997/EXP 60 (16)}) 5... g5 (5... h5 {[%cal Gg7g5]} 6. Be2 g5 $140
$6 7. Nxg5 fxg5 8. Bxh5+ Kd7 9. Bxg5 $40) (5... e5 $2 6. dxe5 Nxh4 7. Nxh4 fxe5
8. Qh5+ $18) 6. Bxg5 {[%mdl 512]} (6. Bg3 $142 h5 {[%csl Rg3]} 7. h3 Nxg3 8.
fxg3 Qd6 9. Kf2 $13) (6. Nxg5 $6 fxg5 7. Qh5+ Kd7 8. Bxg5 Qe8 9. Qf3 e6 $17)
6... fxg5 7. Nxg5 e6 $2 {[%mdl 8192] Very seldom in practice of chess
proffessionals we can see the desicive mistake on seventh move.Here in the
game Mellado mised two good possibilities and gets almost hopeless position.} (
7... Qd6 8. Nc3 {[%csl Rd5][%cal Gd1h5]} (8. Be2 Bg7 9. Bh5+ Kf8 10. O-O (10.
Nf7 Qb4+ 11. Nd2 Rg8 $17) 10... Qf6 $17) 8... c6 9. Be2 Ng7 $1 {And white
hasn't sufficient compensation for the piece.}) (7... h5 $5 {also deserve
serious attention f.e.} 8. Be2 Ng7 9. O-O e5 10. Nf3 e4 11. Ne5 Bd6 $17) 8.
Qh5+ Kd7 (8... Ke7 $142 9. Qf7+ Kd6 10. Nc3 Qe7 11. Qh5 {[%cal Gg5f7,Gf7e5,
Re1c1,Re3e4] And i think in this case white's attack is very strong.}) 9. Nf7
Qe8 10. g4 $1 $16 Ke7 (10... Ng7 11. Ne5+ Ke7 12. Qg5+ Kd6 13. c4 {[%csl Rd6]
And white's attack must be desicive with so bad black's king.}) 11. Nxh8 Qxh5
12. gxh5 Bg7 13. Rg1 Nd7 (13... Bxh8 $140 $2 14. Rg8 {[%csl Rc8,Rh8]}) 14. Ng6+
hxg6 15. Rxg6 {[%mdl 1024]} Nf6 16. Bd3 Kf7 (16... Nxh5 $2 17. Bxf5 exf5 18.
Rg5 $18) 17. Nd2 {[%cal Gd2f3,Gf3e5,Gf3g5]} Nxh5 18. Rg5 Nf6 19. Nf3 Nh7 (19...
Ne4 20. Rg4 Nf6 21. Rg2) (19... Kf8 20. Ke2 $40 {[%cal Ga1g1]}) 20. Rh5 Kg8 (
20... Kg6 21. Rh3 {[%cal Ge1e2,Ga1g1]}) 21. O-O-O Bd7 22. Rg1 Rf8 23. b3 {
[%cal Gc2c4] Black was able to develop their queenside piecies without
material losses,but now they almost hasn't useful move.On the other side white
starts to play slowly and black immediaty blundered with the next move..} (23.
Nh4 Rf7) 23... Kh8 $4 {[%mdl 8192]} (23... Nf6 24. Rhg5 Ne4 25. Bxe4 dxe4 26.
Ne5 Be8 27. R1g4 $16) 24. Ng5 $18 {Now white wins a piece and the game is over.
} Bh6 25. Bxf5 Nxg5 26. Rxh6+ Kg7 27. Rg6+ Kf7 28. R1xg5 exf5 29. Rg7+ Ke8 30.
Rh7 f4 31. Re5+ Kd8 32. Rxd5 fxe3 33. Rdxd7+ Kc8 34. Rxc7+ Kd8 35. Rhd7+ Ke8
36. Rc8+ Kxd7 37. Rxf8 1-0

[Event "Sigeman & Co 06th"]
[Site "Malmo"]
[Date "1998.06.13"]
[Round "5"]
[White "Miladinovic, Igor"]
[Black "Degerman, Lars"]
[Result "1/2-1/2"]
[WhiteElo "2565"]
[BlackElo "2490"]
[Annotator "Avrukh,B"]
[PlyCount "98"]
[EventDate "1998.06.09"]
[EventType "tourn"]
[EventRounds "9"]
[EventCountry "SWE"]
[EventCategory "13"]
[SourceTitle "CBM 066"]
[Source "ChessBase"]
[SourceDate "1998.09.30"]
[SourceVersion "1"]
[SourceVersionDate "1998.09.30"]
[SourceQuality "1"]

1. d4 d5 2. Bg5 h6 3. Bh4 c6 4. e3 Qb6 5. Qc1 e5 6. Nf3 e4 7. Nfd2 Ne7 8. c4
Nf5 9. Bg3 Nxg3 10. hxg3 Be6 11. Nc3 Nd7 (11... Be7 $5 12. Be2 (12. a4 O-O 13.
Be2 Nd7 14. Qc2 f5 15. cxd5 $6 cxd5 16. Qb3 Qxb3 17. Nxb3 Rfc8 $15 {Gunter,
D-Ryan,J/Hastings Challengers9596 1995/0-1 (58)}) 12... O-O 13. Qc2 f5 14. O-O
Nd7 15. Rfc1 Nf6 16. a3 Qd8 17. b4 a6 18. Nb3 $13 {Ernst,S-Levin,F/Koop
Tjuchem op 1996 (38)}) 12. Qc2 (12. cxd5 $5 cxd5 13. Nb5 Kd8 $1 14. Qc2 Rc8 15.
Nc3 Nf6 16. Be2 Bd6 17. Qb3 Qxb3 $11 {Meduna,E-Sherbakov,R/Decin op 1996})
12... Be7 13. Rb1 Nf6 14. b4 O-O 15. a3 h5 16. Be2 g6 17. Nb3 Kg7 18. Nc5 Bc8
19. b5 Qa5 20. O-O Bxc5 21. dxc5 Qxa3 22. Na4 dxc4 23. Bxc4 cxb5 24. Bxb5 Be6
25. Rfc1 Rac8 $1 (25... Qa2 $5 26. Rb2 Qd5 27. c6 $1 (27. Bc4 $6 Qxc4 28. Qxc4
Bxc4 29. Rxc4 Rfd8 $1 {[%csl Rg1]} 30. Nc3 (30. f3 Rd1+ 31. Kf2 (31. Kh2 $2
Ng4+ $1 32. fxg4 hxg4 $19 {[%cal Ga8h8]}) 31... Rad8 32. Rcb4 R8d2+ 33. Rxd2
Rxd2+ 34. Kg1 Rd7 $17) 30... Rd7 31. Rb1 Rc8 $17) 27... b6 $1 (27... Rac8 28.
Nc3 Rxc6 29. Nxd5 Rxc2 30. Rbxc2 Nxd5 $11) 28. c7 Qe5 $1 (28... Qg5 29. Bc6
Rac8 30. Bb7 Rce8 31. Bxe4 $11) 29. Ba6 $1 (29. Bc6 $6 Rac8 30. Bb7 Rce8 31.
Bc6 Re7 $19) 29... Rae8 30. Rb5 Qd6 $15) 26. Rb2 a6 27. Be2 b5 28. Nb6 Rxc5 $5
29. Qxc5 Qxb2 30. Rc2 Qa1+ 31. Rc1 Qb2 32. Rc2 Qa1+ 33. Rc1 Qa2 34. Rc2 Qb3 35.
Rc3 Qb1+ 36. Rc1 Qa2 37. Rc2 Qa5 38. Qd4 b4 39. Rc6 b3 40. Bf1 Qe1 (40... Rd8
$2 41. Qxd8 b2 42. Rxe6 $1 fxe6 43. Qe7+ Kh6 44. Nc4 $16) (40... Qg5 $1 41.
Bxa6 h4 $1 (41... Rb8 42. Bf1 (42. Rc5 $2 b2 $1 43. Rxg5 b1=Q+ 44. Kh2 Qxb6 $19
)) (41... Rd8 $6 42. Qxd8 b2 43. Qd1 Ba2 44. Rc1 bxc1=Q 45. Qxc1 Qa5 46. Bc4
$11) 42. Rc5 Qg4 43. gxh4 Qxh4 44. g3 Qg4 $17) 41. Nd5 $1 Bxd5 42. Rxf6 Kh6 (
42... Kh7 43. Qxd5 b2 44. Rxf7+ Rxf7 45. Qxf7+ Kh6 46. Qf4+ Kh7 47. Qc7+ Kh6
48. Qf4+ $11) 43. Rxa6 Rb8 $2 {Painfull mistake after which white manages to
escape.After correct} (43... Qc1 $1 44. Rb6 (44. Qxd5 b2 45. Qd6 Kg7 46. Qf6+
Kg8 $19) 44... Be6 $1 45. Qxe4 Rd8 46. Qe5 Kh7 $17 {white is in serious
troubles.}) 44. Qxd5 b2 45. Qxf7 $1 Qxf1+ $1 46. Kh2 $1 $11 (46. Kxf1 $2 b1=Q+
47. Ke2 Rb2#) 46... Qxa6 47. Qf4+ Kg7 48. Qc7+ Kf6 49. Qxb8 {Black can't
protect the pawn on b2 without letting white to give perpetual check so...} Qa1
1/2-1/2

[Event "DEN-ch"]
[Site "Aarhus"]
[Date "1999.03.27"]
[Round "1"]
[White "Hansen, Lars Bo"]
[Black "El Kher, Henrik"]
[Result "1-0"]
[WhiteElo "2565"]
[BlackElo "2338"]
[Annotator "Avrukh,B"]
[PlyCount "85"]
[EventDate "1999.03.??"]
[EventType "tourn"]
[EventRounds "9"]
[EventCountry "DEN"]
[EventCategory "10"]
[SourceTitle "CBM 071"]
[Source "ChessBase"]
[SourceDate "1999.08.01"]
[SourceVersion "1"]
[SourceVersionDate "1999.08.01"]
[SourceQuality "1"]

1. d4 {Finkel,A} Nf6 2. Nf3 g6 3. Nc3 d5 4. Bf4 Bg7 5. e3 O-O 6. Be2 Bf5 7. h3
(7. Ne5 c5 (7... c6 8. g4 Be6 9. h4 $5 Nbd7 10. h5 Ne4 11. hxg6 hxg6 12. Nxd7
$6 Nxc3 13. bxc3 Qxd7 14. Kd2 f6 $13 {Blatny,P-Uhlmann,W/BL9596 1996}) 8. g4 (
8. dxc5 Qa5 9. O-O Qxc5 10. Nd3 (10. Bf3 Nc6 11. Nxc6 bxc6 12. Be5 Rfd8 13. Rb1
a5 14. a3 a4 $132 {Speelman,J-Bernal Caaman,J/ESP-chT 1994}) 10... Qa5 11. a4
Nbd7 12. Nc1 e5 13. Nb3 Qb4 14. Bg3 Be6 $132 {Izeta Txabarri,F-Bernal Moro,L/
ESP-ch 1991}) 8... Be6 9. Qd2 (9. h4 Qa5 10. Qd2 Nc6 11. f3 Rac8 12. h5 a6 13.
hxg6 fxg6 14. Nxc6 Rxc6 15. Be5 $14 {Kratschmer,H-Bonstingl,G/AUT-chT2S 9697})
9... Nc6 10. f3 Rc8 11. h4 Nd7 12. Nxc6 bxc6 13. h5 Rb8 14. hxg6 fxg6 15. Bh6
$36 {Miguel,F-Fuentes,M/PER-sf 1994}) (7. O-O Nh5 8. Bg5 h6 9. Bh4 g5 $6 10.
Ne5 $1 $14 {Schnoor,J-Teloudis,A/RLNN 1988}) (7. Qd2 c6 8. O-O-O Nbd7 9. Ne5
Nxe5 10. Bxe5 b5 11. f3 Bd7 12. Bd3 Rc8 13. Kb1 a6 14. g4 $14 {Izeta Txabarri,
F-Cramling,P/Osuna op 1992}) 7... Qc8 $5 {[%mdl 4]} 8. g4 Be6 9. Qd2 Rd8 $5 (
9... c5 10. Ne5 Nfd7 11. O-O-O Rd8 (11... Nxe5 $6 12. Bxe5 Bxe5 13. dxe5 Rd8
14. f4 $16) (11... Nc6 $6 12. Nxd7 Bxd7 13. Nxd5 $16)) 10. Ne5 c5 11. f3 Nfd7
12. O-O-O Nc6 13. Nxc6 (13. Nxd7 $6 Rxd7 14. dxc5 d4 $1 15. Ne4 Bxa2 $36) 13...
bxc6 $6 (13... Qxc6 $5 14. h4 a6 15. h5 b5 {[%cal Gb5b4,Gc5c3,Gc6a4]} 16. hxg6
fxg6 17. Bh6 (17. e4 cxd4 18. Nxd5 Bxd5 19. exd5 Qxd5 20. Kb1 e5 $13) 17... Bh8
18. Bg5 $14) 14. h4 Qb7 15. h5 g5 $2 (15... cxd4 16. exd4 c5 17. hxg6 fxg6 (
17... hxg6 18. dxc5 d4 19. Nb5 Bxa2 20. Qa5 $16) 18. Qe3 Bf7 19. dxc5 d4 20.
Rxd4 Bxd4 21. Qxd4 $14) 16. Bxg5 $16 Rdb8 17. b3 cxd4 (17... c4 18. Bxe7 $18)
18. exd4 Qb4 19. Nb1 $1 {[%csl Re7]} Qxd2+ 20. Rxd2 f6 21. Be3 Bf7 22. f4 e5
23. g5 $1 exd4 (23... Re8 24. Rg1 exf4 25. Bxf4 fxg5 26. Bxg5 Kh8 $16) 24. Bxd4
c5 25. Bb2 Rb4 $5 (25... fxg5 $5 26. Bxg7 Kxg7 27. fxg5 Re8 28. Bf3 Nb6 29. Nc3
Rad8 $16) 26. Bg4 Nb6 27. gxf6 Bh6 28. Rg2 {[%cal Gg2g8]} Rxf4 (28... Bxf4+ $1
29. Kd1 Nc4 $1 {[%cal Gc4e3,Gc4b2]} 30. Be2+ (30. bxc4 $6 Rxb2 31. Nc3 Rd8 32.
Bf3+ Kf8 33. cxd5 Be5 34. Kd2 Bxf6 $14) 30... Kf8 31. Bxc4 dxc4 32. Bc3 $16)
29. Kd1 Kf8 $6 {[%csl Rf8]} (29... Kh8) 30. Be5 Re4 31. Bd6+ Ke8 32. Re1 $1 $18
Nd7 (32... Rxe1+ 33. Kxe1 Nd7 34. Re2+ Kd8 35. Nc3 $18) 33. Rxe4+ dxe4 34. Be7
Ne5 35. Be2 {[%cal Ge2b5]} Be6 36. Nc3 e3 37. Ne4 Bd5 38. Bb5+ Kf7 39. Ng5+ Kg8
(39... Bxg5 40. Rxg5 Ke6 41. Rg3 $18) 40. Nf3+ $1 Kh8 41. Nxe5 Bxg2 42. Nf7+
Kg8 43. Nxh6+ 1-0

[Event "Czerniak Memorial 14th"]
[Site "Tel Aviv"]
[Date "1998.04.13"]
[Round "5"]
[White "Elbilia, Jacques"]
[Black "Skripchenko, Almira"]
[Result "1/2-1/2"]
[WhiteElo "2360"]
[BlackElo "2400"]
[Annotator "Avrukh,B"]
[PlyCount "171"]
[EventDate "1998.04.09"]
[EventType "tourn"]
[EventRounds "9"]
[EventCountry "ISR"]
[EventCategory "9"]
[SourceTitle "CBM 065"]
[Source "ChessBase"]
[SourceDate "1998.08.06"]
[SourceVersion "1"]
[SourceVersionDate "1998.08.06"]
[SourceQuality "1"]

{[%mdl 6432]} 1. d4 d5 2. Bg5 c6 3. e3 h6 4. Bh4 Qb6 5. b3 e5 6. Nf3 (6. c3
exd4 7. exd4 Be7 8. Bg3 Bf5 9. Bd3 Bxd3 10. Qxd3 Nf6 11. Nd2 O-O 12. Ne2 Qa6
$11 {1/2-1/2 Hausrath,D-Thesing,M/BL9596 1996}) 6... Bg4 (6... e4 $5 7. Nfd2
Ne7 8. c4 Nf5 9. Bg3 Be6 (9... Nxg3 $5 10. hxg3 Be6 11. Be2 Nd7 12. a3 Be7 13.
Nc3 Nf6 $132 {Adams,M-Gelfand,B/Belgrade Invest 1995/0-1 (59)}) 10. Be2 $2 Nxd4
$1 $17 {Kosonen,M-Koskinen,H/Jyvaskyla op2 1996 (21)}) (6... Nd7 $5 7. Bg3 e4
8. Nfd2 a5 9. a3 Ne7 10. c4 Nf5 11. Nc3 Nxg3 12. hxg3 Nf6 $132 {Dunnington,
A-Sahu,S/Owens Corning 1996 (51)}) (6... exd4 7. exd4 Be7 8. Bxe7 Nxe7 9. Bd3
Bg4 10. Nbd2 O-O 11. O-O Nd7 12. c3 Bf5 13. Qc2 Bxd3 $11 {Timman,J-Gelfand,B/
Amsterdam VSB 1996 (23)}) 7. Be2 Bxf3 $5 (7... e4 8. Nfd2 Bxe2 9. Qxe2 Nd7 10.
O-O Ngf6 11. c4 Qa5 12. Rc1 Bb4 13. a3 O-O 14. c5 $14 {Jordan,D-Schiffer,K/
BL9697 1997 (48)}) 8. Bxf3 g6 $5 {Interesting possibility promising black good
chanses in forthcoming struggle.} 9. Bg3 Nd7 10. O-O (10. dxe5 $6 Bg7 11. Qd4
Qc7 $1) 10... Bg7 11. c3 Ne7 12. Nd2 O-O {The opening is over and we already
can make some conclusions:black has successfully solved opening problems and
will try to seize the initiative.} 13. b4 (13. Rc1 $5 c5 14. dxe5 Nxe5 15. Bxe5
Bxe5 16. c4 $11) 13... f5 $5 14. dxe5 Nxe5 15. Bxe5 Bxe5 16. Qb3 Kh7 17. h4 $6
{Creating to himself another weakness.} (17. Rac1 $142 $5 Qc7 18. h3 b5 19. a4
a6 20. Qc2 Ng8 21. Nb3 Nf6 {with slightly better chanses for black.}) 17... Ng8
$5 18. Be2 Nf6 19. Nf3 Bd6 20. Nd4 (20. b5 $5 c5 (20... f4 21. bxc6 bxc6 22.
exf4 Bxf4 23. Rab1 $11) 21. c4 d4 22. exd4 cxd4 23. Rad1 Bc5 $15) 20... Ne4 21.
h5 $6 gxh5 ({Another option were} 21... g5 $5 22. Rad1 Rae8 $36 {[%csl Rg1]
[%cal Gd6b8,Gb6c7,Gc7h2]}) (21... Nd2 $6 22. hxg6+ Kxg6 23. Bh5+ $1 (23. Qc2
Nxf1 24. Nxf5 Rxf5 25. g4 Nxe3 $19) 23... Kh7 24. Qc2 Nxf1 25. Rxf1 Rf6 26.
Nxf5 $44) 22. f4 (22. Qc2) 22... h4 $5 $17 23. Rf3 Rae8 24. Qc2 Qd8 25. c4 $6 {
White keeps on playing in the same self-distracting manner.} dxc4 (25... Bxb4
$5 26. cxd5 Qxd5 27. Rb1 c5 28. a3 Nc3 $5 29. axb4 cxd4 $1 $19) 26. Bxc4 Qf6
27. Rd1 Re7 (27... Bxb4 $5) 28. a3 Bc7 {Deciding to get rid of white knight on
d4.} 29. a4 Bb6 30. a5 Bxd4 31. Rxd4 Ng3 {[%cal Ge7e3]} 32. Qd2 Rfe8 33. Kh2
Qg7 34. Kg1 h3 $1 35. Kh2 Ne4 36. Qc2 hxg2 37. Qxg2 Qf6 38. Rh3 Rg7 39. Qf1 Nd6
$5 {Otherwise it's not so simple to take control over the g-file.} 40. Qf2 (40.
Bb3 $2 Rxe3 $19) 40... Nxc4 41. Rxc4 Reg8 42. Rd4 Qe6 43. Rd2 Rg6 44. Rd4 R8g7
45. Qc2 b6 46. Rd2 Qf6 47. Qb2 Qe7 48. Qd4 {Creating to himself another
weakness.More persistant was} (48. axb6 $5 axb6 49. Qd4 Rg4 50. Qd3 Qf6 51. Qe2
Rh4 52. Qf3 Rxh3+ 53. Qxh3 Rg4 54. Qf3 $17) 48... bxa5 $1 49. bxa5 Qb7 {
[%csl Rg2][%cal Gc6c5]} 50. e4 c5 $1 $19 51. Qd5 (51. Qxc5 Qxe4 $19) 51... Qb1
52. Qxc5 Qxe4 53. Qf2 Rg4 54. Rf3 Rg1 (54... Qe7 $5 55. Rh3 Qb4 $1 $19 {
[%cal Gb4a5,Gb4f4]}) 55. Rd7 $5 Rxd7 56. Kxg1 Qb4 57. Qh4 Qxa5 {Now black is
two pawns up and nothing seems to prevent her from wining the game,but ending
proves to be quiet tricky!} 58. Kh2 Rg7 59. Rg3 Qd2+ 60. Kh3 Qe2 61. Rxg7+ Kxg7
62. Qf2 $8 {All other moves lose on the spot.} Qh5+ (62... Qg4+ $5 63. Kh2 a5
64. Qd4+ Kg6 65. Qb6+ Kh5 $19) 63. Kg3 Qg6+ 64. Kh2 Qb6 65. Qd2 Kg6 66. Qa2 Kf6
$6 67. Qa1+ Kf7 68. Qa2+ Ke7 69. Qe2+ Qe6 70. Qb5 a6 71. Qc5+ Ke8 $6 72. Qc7
Kf8 73. Kh1 Qd5+ 74. Kh2 a5 75. Kg3 Qe4 $2 {Missing the fact that black king
can't avoid the perpetual!} 76. Qxa5 Qe3+ 77. Kg2 Qxf4 78. Qd8+ Kf7 79. Qd7+
Kg6 80. Qe8+ Kg5 (80... Kf6 81. Qd8+ Ke6 82. Qe8+ Kd5 83. Qb5+ Kd4 84. Qb4+ Ke3
85. Qc3+ $11) 81. Qe7+ Kh5 82. Qe8+ Kh4 83. Qe1+ Kg4 84. Qe2+ Kg5 85. Qe7+ Kg6
86. Qe6+ 1/2-1/2

[Event "Czerniak Memorial 14th"]
[Site "Tel Aviv"]
[Date "1998.04.17"]
[Round "8"]
[White "Elbilia, Jacques"]
[Black "Bykhovsky, Avigdor"]
[Result "0-1"]
[WhiteElo "2360"]
[BlackElo "2395"]
[Annotator "Avrukh,B"]
[PlyCount "54"]
[EventDate "1998.04.09"]
[EventType "tourn"]
[EventRounds "9"]
[EventCountry "ISR"]
[EventCategory "9"]
[SourceTitle "CBM 065"]
[Source "ChessBase"]
[SourceDate "1998.08.06"]
[SourceVersion "1"]
[SourceVersionDate "1998.08.06"]
[SourceQuality "1"]

{[%mdl 18624]} 1. d4 d5 2. Nf3 c6 3. Bg5 h6 4. Bh4 Qb6 5. b3 Nd7 (5... Bf5 6.
e3 e6 7. Be2 Bb4+ $6 8. Nfd2 Nd7 9. Bg3 Ngf6 10. O-O Be7 11. c4 $14 {Vezzosi,
P-Zichichi,A/Chianciano ITA ch 1988 (21)}) (5... a5 6. e3 a4 7. Nbd2 Bf5 8. c3
Nd7 9. Be2 Ngf6 10. O-O e6 11. Ne5 $1 Ba3 $2 12. Nec4 $1 dxc4 13. Nxc4 Qa7 14.
Nxa3 $16 {Nalbandian,T-Volkov,S/URS-chJ Alma-Ata 1991/1-0 (47)}) 6. e3 e5 7.
Bg3 (7. Be2 e4 8. Nfd2 c5 $2 (8... Ne7 $5 {[%cal Ge7f5]} 9. Bg4 $5 Ng6 10. Bg3
Nf6 11. Bxc8 Rxc8 12. c4 Be7 13. Nc3 O-O $11) 9. dxc5 Nxc5 10. Nc3 $1 $32 {
[%csl Rd5] Gelfand,B-Lautier,J/FIDE-Wch k.o. 1997/1-0 (46)}) (7. dxe5 $6 Nxe5
8. Nxe5 Qb4+ 9. Nd2 Qxh4 $15) 7... e4 $5 (7... exd4 $6 8. exd4 Ngf6 9. Bd3 Be7
10. O-O O-O 11. Re1 Re8 12. c4 $1 Nf8 13. c5 (13. h3 Be6 14. c5 Qd8 15. Nc3
N6d7 16. b4 $14 {Dunnington,A-Hartman,C/Owens Corning 1996 (30)}) 13... Qd8 14.
h3 Ng6 15. Nc3 Nh5 16. Bxg6 fxg6 17. Bh2 $14 {[%csl Rg6] Adams,M-Lautier,J/
Groningen 1995 (40)}) 8. Nfd2 Ne7 9. c4 $6 {Giving up the bishop is sourse of
white's problems in the future.Better was} (9. h3 Nf5 10. Bh2 Be7 11. Be2 O-O
12. O-O Nf6 13. a3 $13) 9... Nf5 10. c5 $6 (10. cxd5 cxd5 11. Nc3 Qa5 12. Rc1
Bb4 13. Nb5 O-O $15) 10... Qd8 11. Nc3 h5 $1 12. h4 Nxg3 13. fxg3 Nf6 $17 {
[%csl Re3,Rg3] White is deprived of counterplay,his pawn structure is extremly
weak,his pieces take passive positions all this make white's chanses inferior.}
14. Be2 g6 15. b4 Bh6 16. Nf1 O-O (16... Bg4 $6 17. Rb1 Bxe2 18. Qxe2 Ng4 19.
b5 $15) 17. Qd2 b6 $1 {Opening the queenside makes white's life even harder.}
18. Rd1 Qc7 19. Kf2 bxc5 20. bxc5 Rb8 21. Nh2 Ne8 $1 {[%cal Ge8g7,Gg7f5]} 22.
Rb1 Ng7 23. Rxb8 Nf5 $1 $19 24. Nf1 (24. Rxc8 Qxg3+ 25. Kf1 Nxe3+ (25... Rxc8
$5 26. Ba6 Rb8 27. Nd1 Rb1 $19) 26. Qxe3 Bxe3 27. Rxf8+ Kxf8 28. Nd1 Qf4+ 29.
Nf3 Bxd4 $19) 24... Qxb8 {[%cal Gh6e3]} 25. Bd1 Bxe3+ 26. Nxe3 Qxg3+ 27. Kg1 (
27. Ke2 Ba6+) 27... Nxe3 0-1

[Event "RUS-Cup03 Geller Memorial"]
[Site "Moscow"]
[Date "1999.02.14"]
[Round "5"]
[White "Granovski, Aleksandar"]
[Black "Tqebuchava, Zurab"]
[Result "1-0"]
[WhiteElo "2302"]
[BlackElo "2417"]
[Annotator "Avrukh,B"]
[PlyCount "65"]
[EventDate "1999.02.10"]
[EventType "swiss"]
[EventRounds "9"]
[EventCountry "RUS"]
[SourceTitle "CBM 070"]
[Source "ChessBase"]
[SourceDate "1999.06.08"]
[SourceVersion "1"]
[SourceVersionDate "1999.06.08"]
[SourceQuality "1"]

1. d4 {Finkel,A} d5 2. Bg5 $5 {This awkward move is favorite weapon of G.
Hodgson against 1...d5 and it was also frequantly used by one of the best
players in the world M.Adams.} g6 {More logical is 2...c6.} 3. Nd2 Bg7 4. e3 c5
5. c3 Qb6 6. Qb3 Qxb3 7. axb3 cxd4 ({Black could keep the pressure in the
center by} 7... Nd7 {,but move in the game also leads to quiet promising
position.}) 8. exd4 Nf6 9. Bd3 h6 ({I don't see any problems for black after} 
9... Bf5 10. Bxf5 gxf5) 10. Bxf6 Bxf6 11. f4 g5 $6 {This move seems to be very
logical:black has the bishops pair and tries to open up the position,but it
proves to be white who is better prepared for it,so still deserved attention} (
11... Bf5 12. Bxf5 gxf5 13. Ngf3 Nd7 14. Ke2 e6 {with equal position.}) 12. Ne2
Nc6 ({More in the spirit of the position was} 12... Bg4 $5 13. Rf1 $5 (13. O-O
Bxe2 14. Bxe2 gxf4 15. Ra5 (15. Rxf4 $2 Bg5 {[%cal Gg5d2]} 16. Rf2 Be3 $17 (
16... Bxd2 $2 17. Bb5+ Nc6 18. Rxd2 $14)) 15... e6 16. Rfa1 a6 17. b4 Nc6 18.
R5a2 Rc8 19. b5 axb5 20. Bxb5 Ke7 21. Nb3 $44 {[%cal Gb3c5]}) 13... Rg8 14. Nf3
Bxf3 15. Rxf3 Nd7 16. g3 $14) 13. O-O Bd7 14. b4 $14 e6 15. Nf3 gxf4 (15... g4
$5 16. Ne5 h5 (16... Nxe5 17. fxe5 (17. dxe5 Bd8 18. Nd4 h5 19. Rfe1 Bb6 $11)
17... Bg5 18. Kf2 h5 19. Kg3 Ke7 20. Nf4 $14) 17. Nc1 $1 {[%cal Gc1b3,Gb3c5]}
Rg8 18. Nb3 Nxe5 19. fxe5 Be7 20. Nc5 $14) 16. b5 Ne7 17. Nxf4 Nc8 $1 {[%csl
Rf7][%cal Gc8d6]} (17... Rg8 $6 18. Nh5 Bh8 19. Ne5 f5 (19... Bxe5 20. dxe5 Rg5
21. Nf6+ Kd8 22. b6 $1 a6 23. Nxd7 Kxd7 24. Bb5+ $1 Kd8 25. Rxf7 $18) 20. Rfe1
Nc8 21. Nf4 Bxe5 22. Rxe5 Kf7 23. c4 $1 $16) 18. Nh5 Be7 19. Ne5 $36 f5 $2 {
[%mdl 8192] Throwing the game in one move!After logical} (19... Nd6 $1 20. Ng7+
(20. Nf6+ Bxf6 21. Rxf6 Ke7 22. Raf1 Be8 23. R6f4 (23. b3 Rc8 24. c4 Nf5 25.
R6xf5 exf5 26. c5 $44) 23... Rc8 24. Ra1 $5 $14 {white keeps slightly better
chanses,but the position remains unclear.}) 20... Kf8 21. Nxe6+ Bxe6 22. Ng6+
Ke8 23. Nxh8 Kd7 24. Nxf7 Bxf7 $132) 20. Ng7+ Kf8 (20... Kd8 $2 21. Nf7+ $18)
21. Nxf5 $18 exf5 22. Nxd7+ Kg7 23. Rxf5 {Now everything is over:white is two
pawns up without any compenstion for black.} Rd8 24. Nc5 (24. Rxd5 $5) 24...
Bxc5 25. dxc5 Ne7 26. Rf4 Rf8 27. Rxf8 Kxf8 28. Kf2 Ke8 29. Ke3 Kd7 30. g3 Re8
31. Kd4 a6 32. Re1 Kc7 33. Re5 1-0